000 008480000a22002290004500
020 _a0-07-043136-1
041 0 _aENG
082 0 4 _aG 150 M8471b
100 1 _aMorgan, Clifford T.
245 1 0 _aA brief introduction to psychology / Clifford T. Morgan
250 _a2
260 _aNew York : McGraw-Hill
300 _a499 Pág.
501 _aRústico
505 0 0 _aUna breve resumen del arte y la ciencia de la sicología -- El desarrollo de la conducta humana -- El aprendizaje y la memoria -- El lenguaje y la comunicación -- Los sentimientos humanos -- La personalidad -- El comportamiento y el tratamiento de trastornos del comportamiento
650 1 4 _aPSICOLOGIA - INTRODUCCION
001 14228
942 _cBK
999 _c43123
_d43123
336 _atexto
_btxt
_2rdacontent
337 _2rdamedia
_asin mediación
_bn
338 _2rdacarrier
_avolumen
_bnc